|
|
|
|
| LEADER |
00000nab a2200000 a 4500 |
| 001 |
vtls000782788 |
| 003 |
SK-MaSNL |
| 005 |
20260303191110.0 |
| 008 |
180206c2002 xo 0 slo |
| 015 |
|
|
|a SNBRB2002/02-04881
|
| 035 |
|
|
|a CLN000134500
|
| 040 |
|
|
|a SNKBUCL
|b slo
|c SNKBUCL
|e AACR2
|
| 041 |
0 |
|
|a slo
|
| 044 |
|
|
|a xo
|c SK
|
| 080 |
|
|
|a 327(73):323.285
|2 UDC-MRF-SK2
|
| 100 |
1 |
|
|a Havran, Michal
|4 aut
|9 273232
|
| 245 |
1 |
0 |
|a George Bush pomenoval "diabolskú os"
|c Michal Havran, Matúš Kostolný
|
| 300 |
|
|
|b Fotogr.
|
| 650 |
0 |
7 |
|a terorizmus medzinárodný
|x Spojené štáty americké
|x boj proti terorizmu
|2 snkbucl
|9 845386
|
| 655 |
|
7 |
|a články z novín a časopisov
|2 snkbucl
|9 267496
|
| 700 |
1 |
|
|a Kostolný, Matúš,
|d 1975-
|4 aut
|9 17275
|
| 773 |
0 |
|
|t Sme
|g Roč. 10, č. 26 (31.1.2002), s. 10
|
| 850 |
|
|
|a Slovenská národná knižnica v Martine
|
| 852 |
|
|
|a SNK
|b KIS3GCP
|
| 958 |
|
|
|a RBX
|
| 999 |
|
|
|c 2139382
|d 2141312
|